000 00251nam a2200097Ia 4500
008 220204s9999 xx 000 0 und d
082 _a058(540)
_bIND
245 0 _aIndia: A reference annual 1963
260 _aDelhi
_bMinistry of Information
942 _cBK
999 _c19708
_d19708